000 01162nam a22002537a 4500
008 090519t xxu||||| |||| 00| 0 eng d
020 _a9780071257633 (pbk.)
020 _a0071257632 (pbk.)
082 _222
_a621.815
_bBUD
100 _aBudynas, Richard G.
_94840
245 _aShigley’s Mechanical Engineering Design /
_cRichard G. Budynas, J. Keith Nisbett.
246 _aMechanical Engineering Design.
250 _a8th ed.
_bin SI units ed.
260 _aSingapore ;
_aLondon :
_bMcGraw-Hill,
_cc2008.
300 _axxv, 1055 p. :
_bill. ;
_c26 cm.
500 _aPrevious ed.: published as Mechanical engineering design by Joseph E. Shigley, Charles R. Mischke and Richard G. Budynas. 2004.
500 _aIll. and text on inside covers.
504 _aIncludes bibliographical references and index.
650 _aMachine design.
_94841
700 _aNisbett, J. Keith.
_94842
700 _aShigley, Joseph Edward.
_94843
942 _2ddc
_cBB
999 _c11556
_d11556